00512nam a2200169Ia 450000500170000000800410001702000150005808200130007310000190008624500360010526000510014130000120019265000220020494200060022695200950023299900150032720250701172411.0240331s9999 xx 000 0 und d a955898700X bGALa800 aGalappaththi,A 0aLankeeya cinamawe sakman maluwa aColombobCeylon Theatres Company Limitedc2003 a94 p ., aSri Lankan Cinema cL 001040708LaWERCLbWERCLcSSCd2024-03-31l0o 800 GALp4895r2024-03-31w2024-03-31yL c5166d5166